000 00465nam a2200181Ia 4500
001 24975
005 20260414151119.0
008 260414t2005||||xx |||||||||||||| ||spa||
041 _aESP
082 _a346.017
_bM86
100 _aMorán de Vicenzi, Claudia
_eAUT
245 0 _aEl concepto de filiación en al fecundación artificial
_b
260 _c2005
300 _a326 páginas :
_c23 cm.
650 _aDER
654 _aCDE
942 _cLIB
_dJUS
_fJUS
_2ddc
_n
999 _c24975
_d24975